| 000 | 01734nam a2200241Ia 4500 | ||
|---|---|---|---|
| 001 | b6518-46639 | ||
| 003 | IT-MiCISF | ||
| 005 | 20250502124333.0 | ||
| 008 | 161014s9999||||xx |||||||||||||| ||und|| | ||
| 040 |
_aIT-MiCISF _cIT-MiCISF |
||
| 041 | _ait | ||
| 100 |
_aNicolli Sergio (a cura di) _959891 |
||
| 245 | 0 | _aStile di vita della famiglia cristiana | |
| 260 |
_a Siena, _bCantagalli, _c2009 |
||
| 300 | _app. 372 | ||
| 500 | _a famiglia, religione, stile-di-vita, pastorale-familiare, spiritualità-familiare, patristica, amore-coniugale | ||
| 520 | _aDa cosa si riconosce l'impronta cristiana di una famiglia? Certamente dal fatto che prega, che va a Messa, che vive un cammino formativo nella comunità cristiana. Ma è uno stile che deve caratterizzare un po' alla volta la vita quotidiana in tutte le sue espressioni: dalla fede e dall'incontro quotidiano con il Signore dovrebbero assumere un'impronta originale le relazioni tra gli sposi, con i figli, con la comunità ecclesiale e civile; dovrebbe cambiare in modo graduale anche il rapporto con i beni materiali, con il denaro, con il tempo e con gli impegni della vita quotidiana. Tutte queste tematiche sono state oggetto di interventi di grande spessore nel corso delle Settimane di studio sulla spiritualità coniugale tenutesi nel biennio 2007-08, di cui questo volume presenta gli atti. | ||
| 650 |
_aPastorale-familiare _e012 |
||
| 654 | _aatti | ||
| 700 |
_aNicolli S., Tortalla E. e M., Brambilla F.G., Belletti F., Di Nicola G.P., Danese A., Totaro F., Guarinelli S., Zattoni M., _a Gillini G., Bartolini E.L., Rota Scalabrini P., Genovese A., Siviglia Sammartino I., Mariorano S., Noriega J., Dianich S. _962126 |
||
| 942 |
_cBK _2ddc |
||
| 999 |
_c210519 _d210519 |
||
| 999 | _bsi | ||